00722 2200241 4500001002100000005001700021008004100038020002200079035002400101040001200125082001200137084001800149090001800167100002000185245010100205250001100306260004400317300003600361504002900397650002100426850001200447990002100459INLIS00000000002507920170222123127.0  a978-602-1546-52-9 0010-011700000000579 aYOPDYOG 223a631 aDEP 631 Gin T aDEP 631 Gin T aGINTING, Candra aTeknik budidaya tanpa tanah tanaman hortikulturab: solusi untuk pertanian kotac/Candra Ginting aCet. 1 aYogyakartabLintang Pustaka Utamac2016 axii, 51 hlm.b: ilus.c; 22 cm. aBibliografi : hlm. 47-49 aTeknik pertanian aYOPDYOG aCB-D.11/2016-968